| 000 | 00778nam a2200265 i 4500 | ||
|---|---|---|---|
| 001 | bg | ||
| 100 | 1 | _aPIELICHOWSKI, Jan | |
| 245 | 1 | 0 |
_aTechnologia tworzyw sztucznych / _cJan Pielichowski, Andrzej Puszyński. |
| 250 | _aWyd. 5 uzup. | ||
| 260 |
_aWarszawa : _bWydawnictwa Naukowo-Techniczne, _c1998. |
||
| 300 |
_a346, [2] s. : _brys., wykr. ; _c24 cm. |
||
| 490 | 1 | _aTworzywa Sztuczne | |
| 504 | _aBibliogr. s. 339-342. - Indeks. | ||
| 650 | 9 |
_aTworzywa sztuczne _xtechnologia |
|
| 655 | _aPodręczniki akademickie | ||
| 700 | 1 | _aPUSZYŃSKI, Andrzej | |
| 830 | _aTworzywa Sztuczne | ||
| 020 | _a8320422477 | ||
| 040 | _cBPK | ||
| 041 | 0 | _apl | |
| 080 | _a678.7(075.8) | ||
| 920 | _a83-204-2247-7 | ||
| 942 | _cKS | ||
| 008 | s pl f |000 0 pol | ||
| 999 |
_c36184 _d36184 |
||
| 856 |
_uhttp://koha.tu.koszalin.pl/cgi-bin/koha/opac-detail.pl?biblionumber=36184 _yKatalog online BPK |
||